000 00834nam a2200253Ia 4500
003 OSt
005 20220923220209.0
006 a|||||r|||| 00| 0
007 ta
008 220922b |||||||| |||| 00| 0 hin d
024 _a184,943
037 _cTextual
040 _aARTS
_cARTS
_bhin
041 _2hin
_ahin
082 _aO152,2:g(NT), M4
100 _aमिश्र, पवन कुमार
245 0 _aहिन्दी नाटक और रंगमंच
246 _aHindī nāṭak aur rangahincha
260 _aदिल्ली
_b राजेश प्रकाशन
_c1994
300 _a80 पृ.
_ccm.
650 _aहिन्दी साहित्य
_9156264
942 _hO152,2:g(NT), M4
_cTEXL
_2CC
999 _c338200
_d338200